| 000 | 00732nam a2200205Ii 4500 | ||
|---|---|---|---|
| 003 | JO-AjNU | ||
| 008 | 230605s9999||||xx |||||||||||||| ||und|| | ||
| 040 |
_aJO-AjNU _bara _erda _cJO-AjNU |
||
| 041 | _aara | ||
| 050 | 1 | 4 | _aDS37.8.Q2788 1989 |
| 100 | 3 |
_aتاليف صالح، قاسم محمد, _eauthor _940285 |
|
| 245 | 0 | 0 | _aالعسكرية الاسلامية في العصر الراشدي : اليرموك والقادسية |
| 250 | _aط1 | ||
| 264 | 3 | 1 | _a1989، (د.ن) |
| 300 |
_a195ص _bخرائط توضيحية |
||
| 336 |
_atext _btxt _2rdacontent |
||
| 337 |
_aunmediated _bn _2rdamedia |
||
| 338 |
_avolume _bnc _2rdacarrier |
||
| 650 | 4 |
_aفتحوحات اسلامية- خلفاء راشدون- تاريخ _940286 |
|
| 999 |
_aA17082 _c20650 _d20650 |
||